Statistics for Words on U.S. Coins

Click here to take the quiz!

General Stats

  • This quiz has been taken 79 times
  • The average score is 17 of 31

Answer Stats

Word% Correct
God
92%
In
92%
We
92%
Trust
90%
One
89%
One
89%
Cent
77%
Dollar
77%
E
77%
Dime
76%
States
76%
Unum
74%
America
71%
Liberty
71%
Of
71%
Quarter
71%
Five
69%
Pluribus
69%
United
69%
Half
68%
Twenty
44%
Monticello
35%
Freedom
11%
Independence
11%
Year
8%
Hall
6%
Peace
6%
Louisiana
3%
Ocean
3%
Purchase
3%
View
3%

Score Distribution

Percentile by Number Answered

Percent of People with Each Score

Your Score History

You have not taken this quiz